La escuela alemana y la reforma escolar austriaca (Record no. 121920)

MARC details
000 -CABECERA
campo de control de longitud fija 01209nam a2200325 a 4500
003 - IDENTIFICADOR DEL NÚMERO DE CONTROL
campo de control MX-MxUPN
005 - FECHA Y HORA DE LA ÚLTIMA TRANSACCIÓN
campo de control 20260324064022.0
008 - ELEMENTOS DE LONGITUD FIJA--INFORMACIÓN GENERAL
campo de control de longitud fija 070313q1930 sp fr 000 0 spa d
035 ## - NÚMERO DE CONTROL DEL SISTEMA
Número de control de sistema UPN01000149779
040 ## - FUENTE DE LA CATALOGACIÓN
Centro catalogador/agencia de origen MX-MxUPN
Lengua de catalogación spa
Centro/agencia transcriptor MX-MxUPN
041 ## - CÓDIGO DE IDIOMA
Código de lengua del texto/banda sonora o título independiente spa
050 04 - SIGNATURA TOPOGRÁFICA DE LA BIBLIOTECA DEL CONGRESO
Número de clasificación LC1021 C5
Número de documento/Ítem P341
100 1# - ASIENTO PRINCIPAL--NOMBRE PERSONAL
Nombre de persona Paulsen, W.
9 (RLIN) 52387
100 1# - ASIENTO PRINCIPAL--NOMBRE PERSONAL
Nombre de persona Dupertuis, J.
9 (RLIN) 52389
100 1# - ASIENTO PRINCIPAL--NOMBRE PERSONAL
Nombre de persona Delmas
9 (RLIN) 52390
245 13 - MENCIÓN DE TÍTULO
Título La escuela alemana y la reforma escolar austriaca
260 ## - PUBLICACIÓN, DISTRIBUCIÓN, ETC.
Lugar de publicación, distribución, etc. Madrid :
Nombre del editor, distribuidor, etc. Ediciones de la Lectura,
Fecha de publicación, distribución, etc. [1930?].
300 ## - DESCRIPCIÓN FÍSICA
Extensión 135 páginas
490 0# - MENCIÓN DE SERIE
Mención de serie Ciencia y educación. Contemporánea ;
Designación de volumen o secuencia 29
505 00 - NOTA DE CONTENIDO CON FORMATO PREESTABLECIDO
Título La coeducación de los sexos /
Mención de responsabilidad Margarita Comas.
Información miscelánea (106 páginas. La nueva educación ; XXIV).
Título Sistema español de organización escolar /
Mención de responsabilidad Gervasio Manríque.
Información miscelánea (238 páginas).
650 #0 - ASIENTO SECUNDARIO DE MATERIA - TERMINO TEMATICO
Término de materia o nombre geográfico como elemento de entrada Educación clásica
9 (RLIN) 16408
650 #4 - ASIENTO SECUNDARIO DE MATERIA - TERMINO TEMATICO
Término de materia o nombre geográfico como elemento de entrada Escuelas
Subdivisión geográfica Alemania
9 (RLIN) 21561
650 #4 - ASIENTO SECUNDARIO DE MATERIA - TERMINO TEMATICO
Término de materia o nombre geográfico como elemento de entrada Reforma educativa
9 (RLIN) 1530
700 1# - ASIENTO SECUNDARIO--NOMBRE DE PERSONAL
Nombre de persona Manrique, Gervasio
9 (RLIN) 52015
700 1# - ASIENTO SECUNDARIO--NOMBRE DE PERSONAL
Nombre de persona Comas Camps, Margarita,
Fechas asociadas al nombre 1892-1973
9 (RLIN) 32322
710 2# - ASIENTO SECUNDARIO - NOMBRE CORPORATIVO
Nombre de entidad corporativa o nombre de jurisdicción como elemento de entrada Instituto Nacional de Investigación Educativa (México)
Término indicativo de función/relación propietario anterior
9 (RLIN) 28086
902 ## - ELEMENTOS DE DATOS B LOCAL, LDB (RLIN)
Modificó MaríaRobles/130624
905 ## - TIPO DE MATERIAL
Tipo de material Libro
942 ## - ELEMENTOS DE PUNTO DE ACCESO ADICIONAL (KOHA)
Fuente del sistema de clasificación o colocación Library of Congress Classification
Tipo de ítem Koha Libro
Suprimir en OPAC No
Holdings
Estado de retiro Estado de pérdida Fuente del sistema de clasificación o colocación Estado dañado No para préstamo Código de colección Localización permanente Ubicación/localización actual Ubicación en estantería Fecha de adquisición Clasificación Código de barras Fecha visto por última vez Tipo de ítem Koha Nota pública
    Library of Congress Classification   Disponible (Previa cita) Fondo Reservado de libros Bib. Gregorio Torres Quintero Bib. Gregorio Torres Quintero Sala de Fondos Reservados Planta alta 13/06/2024 LC1021 C5 P341 1928 31/12/2020 Libro Ejemplar con sello del Instituto Nacional de Investigación Educativa